000 00338cam a22000977a 4500
008 180718b1941 xxu||||| |||| 00| 0 eng d
245 _aReport on the button industry in Bengal
_cby D.N. Ghose
260 _aAlipore
_bBengal Government Press
_c1941
300 _a12p.
700 _aIndustrial Intelligence Section, Department of Industries, Bengal
999 _c503567
_d503567